[Event "Rishon Le Zion"]
[Site "?"]
[Date "2006.09.07"]
[Round "10"]
[White "Gelfand Boris"]
[Black "Bacrot Etienne"]
[Result "0-1"]
[WhiteElo "2729"]
[BlackElo "2707"]
[PlyCount "78"]
[EventDate "2006.??.??"]
[Source "www.chesslib.no"]
[SourceDate "2004.05.04"]

1. Nf3 d5 2. c4 c6 3. e3 Nf6 4. Nc3 a6 5. h3 e6 6. b3 c5 7. d4 Nc6 8. Bb2 cxd4 9. Nxd4 Bd6 10. Be2 O-O 11. O-O Qe7 12. Rc1 Bd7 13. Nxc6 Bxc6 14. cxd5 exd5 15. Qd4 Rfe8 16. Rfd1 Be5 17. Qh4 Rad8 18. Bf3 h6 19. Rd2 Kh7 20. Nxd5 Bxd5 21. Bxe5 Qxe5 22. Rcd1 Bxf3 23. Rxd8 Bxd1 24. Rxd1 Qa5 25. Qc4 Re7 26. a4 Qf5 27. Rd4 Rd7 28. Rf4 Qg6 29. Kh2 Qd3 30. Qc8 Qd6 31. Kg1 Qc7 32. Qxc7 Rxc7 33. Rd4 Kg6 34. g4 Ng8 35. Kg2 f6 36. f4 Kf7 37. f5 Ne7 38. Kg3 Nc6 39. Rc4 Rd7 0-1

[Event "Bastia FRA, Corsica Masters 2005"]
[Site "?"]
[Date "2005.11.03"]
[Round "1.2"]
[White "Markowski Tomasz"]
[Black "Anand Viswanathan"]
[Result "0-1"]
[WhiteElo "2582"]
[BlackElo "2788"]
[PlyCount "82"]
[EventDate "2005.??.??"]
[Source "www.chesslib.no"]
[SourceDate "2004.05.04"]

1. g3 Nf6 2. Bg2 d5 3. Nf3 c6 4. O-O g6 5. b3 Bg7 6. Bb2 O-O 7. c4 Bg4 8. d3 Bxf3 9. Bxf3 Nbd7 10. Nd2 Re8 11. Bg2 Qb6 12. Rb1 a5 13. a3 e5 14. b4 axb4 15. axb4 h5 16. Qb3 Bh6 17. Nf3 d4 18. Bc1 Bxc1 19. Rfxc1 Kg7 20. Ng5 Rf8 21. Ra1 Nc5 22. Qb2 Na4 23. Qd2 Nc3 24. Nf3 Qxb4 25. Nxe5 Qe7 26. f4 Ng4 27. Bf3 Nxe5 28. fxe5 Qxe5 29. Kg2 Rfe8 30. Qb2 Rxa1 31. Rxa1 b5 32. cxb5 cxb5 33. Ra7 Re7 34. Rxe7 Qxe7 35. Kf1 b4 36. Qb3 Qc5 37. Kg2 Nb5 38. Qa4 Nd6 39. Qb3 Nf5 40. Kf2 Ne3 41. Qb1 Qc3 0-1

[Event "Monaco (blindfold) 75/5"]
[Site "?"]
[Date "1999.??.??"]
[Round "?"]
[White "Shirov, Alexei"]
[Black "Van Wely, Loek"]
[Result "1-0"]
[WhiteElo "2726"]
[BlackElo "2632"]
[PlyCount "83"]
[EventDate "1999.??.??"]
[Source "ChessBase"]
[SourceDate "1999.02.01"]

1. Nf3 Nf6 2. g3 d5 3. Bg2 Bf5 4. d3 e6 5. O-O h6 6. c4 c6 7. Be3 dxc4 8. dxc4 Qxd1 9. Rxd1 Nbd7 10. Nc3 Ng4 11. Bd2 Bc5 12. Be1 O-O-O 13. Nd4 Bg6 14. Na4 Be7 15. Bxc6 bxc6 16. Nxc6 Bf6 17. Ba5 Bc2 18. Bxd8 Rxd8 19. Nxd8 Bxa4 20. Nxf7 Bxb2 21. Nd6+ Kc7 22. Rab1 Bxd1 23. Nb5+ Kc6 24. Rxb2 Nge5 25. Nd4+ Kd6 26. Rd2 Ba4 27. Nf5+ Kc7 28. Nxg7 Nc5 29. Rd4 a5 30. Rh4 Nf7 31. Rf4 Ne5 32. Rf6 Kd7 33. Rxh6 Ke7 34. f4 Nxc4 35. f5 exf5 36. Nxf5+ Kd7 37. h4 Bc2 38. Nd4 Bb1 39. Rc6 Bxa2 40. Rxc5 a4 41. h5 a3 42. h6 1-0

[Event "Chelmsford, MA"]
[Site "?"]
[Date "2001.02.03"]
[Round "3"]
[White "Christiansen Larry"]
[Black "Ivanov Alexander"]
[Result "1/2-1/2"]
[WhiteElo "2665"]
[BlackElo "2659"]
[PlyCount "59"]
[EventDate "2001.??.??"]
[Source "www.chesslib.no"]
[SourceDate "2004.05.04"]

1. Nf3 Nf6 2. g3 d5 3. Bg2 Bg4 4. c4 c6 5. cxd5 cxd5 6. Ne5 Bf5 7. Nc3 Nc6 8. Nxc6 bxc6 9. d3 Qd7 10. Qa4 g6 11. e4 Be6 12. O-O Bg7 13. Bf4 O-O 14. Be5 Rfd8 15. Rac1 Bh6 16. Rcd1 d4 17. Ne2 c5 18. Qc2 Rac8 19. b3 Nh5 20. Bf4 Nxf4 21. Nxf4 Bxf4 22. gxf4 a5 23. Rfe1 a4 24. Rb1 axb3 25. axb3 Qd6 26. e5 Qd7 27. Rec1 Bd5 28. Qe2 Qb7 29. Bxd5 Rxd5 30. Rc4 1/2-1/2

[Event "TCh-RUS"]
[Site "?"]
[Date "2003.05.21"]
[Round "6"]
[White "Zvjaginsev Vadim"]
[Black "Volkov Sergey"]
[Result "1/2-1/2"]
[WhiteElo "2664"]
[BlackElo "2634"]
[PlyCount "28"]
[EventDate "2003.??.??"]
[Source "www.chesslib.no"]
[SourceDate "2004.05.04"]

1. Nf3 d5 2. c4 c6 3. e3 Nf6 4. Nc3 a6 5. h3 g6 6. d4 Bg7 7. Bd3 O-O 8. O-O Bf5 9. Re1 Bxd3 10. Qxd3 b5 11. cxd5 cxd5 12. Ne5 Nfd7 13. Nf3 Nf6 14. Ne5 Nfd7 1/2-1/2

[Event "Olimpiadi 2008 - open"]
[Site "Dresda GER"]
[Date "2008.11.19"]
[Round "6"]
[White "Pantsulaia, L."]
[Black "Ni Hua"]
[Result "1/2-1/2"]
[WhiteElo "2580"]
[BlackElo "2710"]
[PlyCount "194"]
[EventDate "2008.11.13"]
[Source "www.chesslib.no"]
[SourceDate "2004.05.04"]

1. Nf3 d5 2. c4 c6 3. g3 Nf6 4. Bg2 Bg4 5. Ne5 Be6 6. cxd5 Bxd5 7. Nf3 c5 8. Nc3 Bc6 9. O-O e6 10. Re1 Nbd7 11. e4 e5 12. d3 Be7 13. a4 O-O 14. Nd2 Qc7 15. Nc4 a6 16. a5 b5 17. axb6 Nxb6 18. Qb3 Rfb8 19. Qa2 Nxc4 20. dxc4 Qb7 21. Re2 Nd7 22. Nd5 Nf8 23. Re3 Bg5 24. f4 exf4 25. Rf3 Bf6 26. gxf4 Bd4+ 27. Kh1 Ng6 28. Rh3 Bxd5 29. cxd5 Qb4 30. Rf3 Nh4 31. Rf1 Nxg2 32. Kxg2 Re8 33. e5 Red8 34. d6 Qb5 35. Re1 Qc6+ 36. Kg3 Rab8 37. Qc4 Rb4 38. Qc2 f6 39. e6 Qxd6 40. e7 Re8 41. Bd2 Rxb2 42. Qc4+ Kh8 43. Qf7 Bf2+ 44. Kf3 Rbb8 45. Re2 Qd3+ 46. Be3 Bxe3 47. Rxe3 Qg6 48. Qxg6 hxg6 49. Rxa6 Rbc8 50. Ree6 Kg8 51. Rac6 Kf7 52. Rxc8 Rxc8 53. e8=Q+ Rxe8 54. Rc6 Rh8 55. Rc7+ Ke6 56. Rxc5 Rxh2 57. Rc7 Rh3+ 58. Kg2 Rh7 59. Kg3 Kf5 60. Rc5+ Ke4 61. Rc4+ Kd5 62. Rc7 Kd6 63. Ra7 Kc6 64. Kg2 Kb6 65. Rd7 Kc6 66. Ra7 Kc5 67. Kg3 Kd5 68. Ra5+ Kc6 69. Ra7 Kc5 70. Rd7 Kb6 71. Re7 Kc6 72. Ra7 Rh1 73. Kg2 Rh4 74. Kg3 Rh7 75. Re7 Kd5 76. Ra7 Rh1 77. Kg2 Rh6 78. Rxg7 Ke6 79. Ra7 Rh8 80. Ra5 f5 81. Kg3 Rh1 82. Ra7 Rg1+ 83. Kf2 Rd1 84. Ra6+ Rd6 85. Ra7 Kd5 86. Kg3 Ke6 87. Kf3 Kf6 88. Rb7 Re6 89. Ra7 Re7 90. Ra6+ Kg7 91. Ra1 Rb7 92. Rc1 Rb3+ 93. Kg2 Rb8 94. Ra1 Rh8 95. Ra7+ Kh6 96. Ra1 Rh7 97. Rb1 Rd7 1/2-1/2

[Event "Wijk aan Zee"]
[Site "?"]
[Date "1996.??.??"]
[Round "?"]
[White "Timman, J."]
[Black "Adams, Mi"]
[Result "1/2-1/2"]
[WhiteElo "2620"]
[BlackElo "2660"]
[PlyCount "39"]
[EventDate "1996.??.??"]
[Source "ChessBase"]
[SourceDate "1996.06.01"]

1. Nf3 Nf6 2. g3 d5 3. Bg2 c6 4. c4 dxc4 5. Na3 Qd5 6. O-O g6 7. d4 Bg7 8. Ne5 Qd8 9. Naxc4 Be6 10. Qb3 Qc8 11. Qa3 Nbd7 12. Bf4 Nxe5 13. Nxe5 Nd5 14. Bd2 Qd8 15. Rfd1 O-O 16. e4 Nc7 17. Bf4 Nb5 18. Qa4 Nd6 19. Rac1 Qb6 20. b3 1/2-1/2

[Event "Camp. russo a squadre 2007"]
[Site "Sochi RUS"]
[Date "2007.05.10"]
[Round "9"]
[White "Tomashevsky, E."]
[Black "Kobalia, M."]
[Result "1/2-1/2"]
[WhiteElo "2641"]
[BlackElo "2639"]
[PlyCount "57"]
[EventDate "2007.05.02"]
[Source "www.chesslib.no"]
[SourceDate "2004.05.04"]

1. Nf3 d5 2. c4 c6 3. e3 Nf6 4. Nc3 e6 5. b3 Bd6 6. Bb2 O-O 7. Be2 dxc4 8. bxc4 e5 9. O-O Re8 10. Qc2 Bg4 11. h3 Bh5 12. Nh4 Bxe2 13. Nxe2 Nbd7 14. Nf5 Bf8 15. f4 g6 16. fxe5 Nxe5 17. Neg3 b5 18. Rf2 bxc4 19. Bxe5 Rxe5 20. Nd4 Qd6 21. Raf1 Be7 22. Nge2 Rf8 23. Qxc4 c5 24. Nf3 Re4 25. Qc2 Re6 26. Nf4 Re4 27. Ng5 Re5 28. Nf3 Re4 29. Ng5 1/2-1/2

[Event "Biel"]
[Site "?"]
[Date "1995.??.??"]
[Round "?"]
[White "Hodgson, Ju"]
[Black "Gelfand, B."]
[Result "1/2-1/2"]
[WhiteElo "2590"]
[BlackElo "2685"]
[PlyCount "65"]
[EventDate "1995.??.??"]
[Source "ChessBase"]
[SourceDate "1995.06.01"]

1. c4 Nf6 2. g3 c6 3. Bg2 d5 4. b3 g6 5. Bb2 Bg7 6. Nf3 O-O 7. O-O Bg4 8. d3 Nbd7 9. Nbd2 Re8 10. d4 Qb6 11. Ne5 Nxe5 12. dxe5 Nd7 13. cxd5 cxd5 14. Bxd5 Nxe5 15. Bxe5 Bxe5 16. Nc4 Qc7 17. Rc1 Rad8 18. Ne3 Qd7 19. Qc2 Be6 20. Bxe6 Qxe6 21. Qe4 b6 22. Rc6 Qd7 23. Rd1 Bd4 24. Kg2 f5 25. Qc2 b5 26. a4 Qb7 27. axb5 Qxb5 28. Qc4+ Qxc4 29. Nxc4 Bf6 30. Rxd8 Rxd8 31. Ra6 Rd7 32. e3 Bc3 33. Kf3 1/2-1/2

[Event "Beer Sheva ISR, World Team Ch"]
[Site "?"]
[Date "2005.11.03"]
[Round "3"]
[White "Pantsulaia Levan"]
[Black "Bareev Evgeny"]
[Result "0-1"]
[WhiteElo "2578"]
[BlackElo "2675"]
[PlyCount "122"]
[EventDate "2005.??.??"]
[Source "www.chesslib.no"]
[SourceDate "2004.05.04"]

1. Nf3 d5 2. c4 c6 3. g3 dxc4 4. Bg2 e6 5. O-O b5 6. d3 cxd3 7. Ne5 Bb7 8. a4 b4 9. a5 Ne7 10. Nxd3 Na6 11. Qa4 Nd5 12. Rd1 Qc8 13. e4 Nf6 14. Bd2 Be7 15. Bxb4 Nxb4 16. Nxb4 O-O 17. Rc1 Rb8 18. Nxc6 Bxc6 19. Rxc6 Qd7 20. e5 Rb4 21. Qc2 Nd5 22. Nd2 Rxb2 23. Qxb2 Qxc6 24. Rc1 Qd7 25. Qd4 Rd8 26. Bxd5 Qxd5 27. Qxd5 Rxd5 28. Rc8+ Bf8 29. Nc4 Rc5 30. Rxc5 Bxc5 31. Kf1 Kf8 32. Ke2 Ke7 33. f4 Kd7 34. h3 Kc6 35. Kd3 Kd5 36. g4 g6 37. Nd2 g5 38. fxg5 Kxe5 39. Ne4 Bb4 40. Nf6 Bxa5 41. Nxh7 Bd8 42. h4 Kf4 43. g6 fxg6 44. Nf8 Kxg4 45. Nxg6 Bxh4 46. Ke4 Kg5 47. Ne5 Bg3 48. Nc6 a6 49. Nd8 Kf6 50. Nb7 Bf2 51. Na5 Be1 52. Nc4 a5 53. Nb6 Ke7 54. Ke5 Bc3+ 55. Ke4 Kd6 56. Nc4+ Kc6 57. Kd3 Bb4 58. Kd4 a4 59. Ke5 Kc5 60. Ne3 a3 61. Kxe6 a2 0-1

[Event "Esbjerg 88/4"]
[Site "?"]
[Date "2003.??.??"]
[Round "?"]
[White "Bruzon, L."]
[Black "Nielsen, Pet"]
[Result "1-0"]
[WhiteElo "2614"]
[BlackElo "2636"]
[PlyCount "59"]
[EventDate "2003.??.??"]
[Source "Chess Informant"]
[SourceDate "2003.06.01"]

1. Nf3 Nf6 2. g3 d5 3. Bg2 c6 4. O-O g6 5. b3 Bg7 6. Bb2 O-O 7. c4 a5 8. d3 a4 9. Na3 Na6 10. Nc2 Bg4 11. Qb1 Bxf3 12. Bxf3 axb3 13. axb3 e6 14. b4 b5 15. Ra5 Qb6 16. Bd4 Qb7 17. cxb5 cxb5 18. Qb2 Ne8 19. e4 Nac7 20. Rfa1 Rc8 21. exd5 exd5 22. Ne3 h5 23. Kg2 Qc6 24. Ra7 Qd6 25. h4 Bxd4 26. Qxd4 Ne6 27. Qxd5 Qxb4 28. Rxf7 Rxf7 29. Qxe6 Nd6 30. Qxg6+ 1-0

[Event "Campionato europeo 2007"]
[Site "Dresda GER"]
[Date "2007.04.09"]
[Round "7"]
[White "Georgiev, Kiril"]
[Black "Galkin, Alexander"]
[Result "1/2-1/2"]
[WhiteElo "2660"]
[BlackElo "2590"]
[PlyCount "75"]
[EventDate "2007.04.03"]
[Source "www.chesslib.no"]
[SourceDate "2004.05.04"]

1. Nf3 d5 2. g3 Bg4 3. Bg2 Nd7 4. c4 c6 5. cxd5 cxd5 6. Nc3 e6 7. Qa4 Bxf3 8. Bxf3 Ngf6 9. O-O Be7 10. d3 O-O 11. Bd2 a6 12. Rfc1 b5 13. Qd1 Rc8 14. a3 h6 15. Bg2 Qb6 16. b4 Ng4 17. Qe1 Bg5 18. Nd1 Bxd2 19. Qxd2 Nge5 20. Qb2 Nc6 21. Rc3 Rc7 22. Rac1 Rfc8 23. Ne3 d4 24. Rxc6 dxe3 25. Rxc7 exf2+ 26. Kf1 Rxc7 27. Rxc7 Qxc7 28. Kxf2 Nb6 29. Qd4 Na4 30. Bf3 g6 31. Qf4 Qc3 32. Qxh6 Qxa3 33. Qf4 Nc3 34. Qb8+ Kg7 35. Qe5+ Kg8 36. Qb8+ Kg7 37. Qe5+ Kg8 38. Qb8+ 1/2-1/2

[Event "Warsaw"]
[Site "?"]
[Date "2005.06.28"]
[Round "10"]
[White "Wojtaszek Radoslaw"]
[Black "Sakaev Konstantin"]
[Result "1/2-1/2"]
[WhiteElo "2569"]
[BlackElo "2672"]
[PlyCount "41"]
[EventDate "2005.??.??"]
[Source "www.chesslib.no"]
[SourceDate "2004.05.04"]

1. Nf3 d5 2. c4 c6 3. e3 Nf6 4. Nc3 a6 5. b3 Bg4 6. Bb2 Nbd7 7. h3 Bxf3 8. Qxf3 e6 9. Qd1 Nc5 10. d3 Be7 11. Be2 O-O 12. O-O a5 13. Rc1 Qb6 14. Qc2 Rfe8 15. Rfd1 Qa7 16. Bf3 Ncd7 17. Rb1 Rac8 18. d4 Qb8 19. Be2 g6 20. Bd3 Bf8 21. Qe2 1/2-1/2

[Event "Ch World (match)"]
[Site "Las Palmas ESP"]
[Date "1971.??.??"]
[Round "7"]
[White "Larsen, Bent"]
[Black "Uhlmann, Wolfgang"]
[Result "1/2-1/2"]
[WhiteElo "2660"]
[BlackElo "2580"]
[PlyCount "87"]
[EventDate "1971.??.??"]
[Source "www.chesslib.no"]
[SourceDate "2004.05.04"]

1. Nf3 Nf6 2. g3 g6 3. b3 Bg7 4. Bb2 d5 5. c4 Bg4 6. Bg2 c6 7. O-O O-O 8. d3 Bxf3 9. Bxf3 Nbd7 10. Nd2 e6 11. b4 Qe7 12. Qb3 b5 13. cxb5 cxb5 14. Rac1 Rfc8 15. e3 Nb6 16. Rc5 Qd7 17. e4 Na4 18. Rxc8+ Rxc8 19. Bxf6 Bxf6 20. exd5 exd5 21. Qxd5 Qxd5 22. Bxd5 Bc3 23. Ne4 Bxb4 24. Rb1 a5 25. a3 Bxa3 26. Rxb5 Nc3 27. Nxc3 Rxc3 28. Bc4 a4 29. Ra5 Rc2 30. f4 h5 31. Kh1 h4 32. gxh4 Rf2 33. Rxa4 Bc1 34. Ra7 Rxf4 35. Kg2 Be3 36. Rd7 Kf8 37. Kg3 Rf5 38. h3 Ke8 39. Rb7 Bf4+ 40. Kg2 Be3 41. Bb5+ Kf8 42. Bc6 Rf4 43. Bd5 Bc5 44. h5 1/2-1/2

[Event "HUN-GER Match"]
[Site "Budapest"]
[Date "2004.09.18"]
[Round "3"]
[White "Berkes, Ferenc"]
[Black "Gustafsson, Jan"]
[Result "1/2-1/2"]
[WhiteElo "2614"]
[BlackElo "2611"]
[PlyCount "61"]
[EventDate "2004.09.16"]
[Source "Roberto Alvarez"]
[SourceDate "2004.10.05"]

1. Nf3 d5 2. c4 c6 3. e3 Nf6 4. Nc3 a6 5. b3 Bg4 6. Be2 e6 7. O-O Nbd7 8. h3 Bh5 9. Bb2 Bd6 10. d4 O-O 11. Ne5 Bxe2 12. Nxe2 Qc7 13. Nxd7 Qxd7 14. Qd3 Rfe8 15. Nc3 b5 16. Rfc1 Reb8 17. Rc2 bxc4 18. bxc4 Rb4 19. Nd1 h6 20. Rac1 a5 21. Ba3 Rbb8 22. Nb2 Ne4 23. Na4 Qe7 24. Bxd6 Nxd6 25. cxd5 cxd5 26. Rc7 Qh4 27. R1c6 Ne4 28. Qc2 Rb1+ 29. Qxb1 Qxf2+ 30. Kh2 Qg3+ 31. Kh1 1/2-1/2

[Event "34. Olympiad"]
[Site "?"]
[Date "2000.11.08"]
[Round "11"]
[White "Markowski Tomasz"]
[Black "Piket Jeroen"]
[Result "1/2-1/2"]
[WhiteElo "2568"]
[BlackElo "2649"]
[PlyCount "253"]
[EventDate "2000.??.??"]
[Source "www.chesslib.no"]
[SourceDate "2004.05.04"]

1. g3 d5 2. Nf3 c6 3. Bg2 Bg4 4. d3 Nd7 5. c4 e6 6. O-O Ngf6 7. cxd5 exd5 8. Nc3 Bc5 9. Qb3 Bb6 10. Na4 O-O 11. Nxb6 axb6 12. Qc2 Re8 13. b3 Qe7 14. Re1 Qb4 15. Bd2 Qc5 16. Qb2 Qa3 17. Bc1 Qxb2 18. Bxb2 Bxf3 19. Bxf3 b5 20. b4 h6 21. a3 Nb6 22. Bg2 Nfd7 23. h4 Nf8 24. Rab1 Ra6 25. h5 Rd8 26. e3 Na4 27. Ba1 d4 28. e4 c5 29. Rec1 Ne6 30. Bh3 Rc6 31. bxc5 Rxc5 32. Rxc5 Nexc5 33. Rxb5 Nxd3 34. Rd5 Rxd5 35. exd5 Nc3 36. Kf1 Kf8 37. Bf5 Ne5 38. Bxc3 dxc3 39. Ke2 Ke7 40. Bc2 Kd6 41. Bb3 Ng4 42. f3 Nf6 43. g4 Nxd5 44. Kd3 f5 45. a4 fxg4 46. fxg4 Kc5 47. Bxd5 Kxd5 48. Kxc3 Ke4 49. Kc4 Kf4 50. Kb5 Kxg4 51. Kb6 Kxh5 52. Kxb7 g5 53. a5 g4 54. a6 g3 55. a7 g2 56. a8=Q g1=Q 57. Qe8+ Kh4 58. Qe4+ Qg4 59. Qe7+ Kg3 60. Qe1+ Kh2 61. Qe5+ Kg2 62. Qb2+ Kh3 63. Qc3+ Qg3 64. Qc8+ Kh2 65. Qf5 Qg5 66. Qf7 h5 67. Ka6 Qe5 68. Qf2+ Kh3 69. Qf3+ Kh4 70. Qf2+ Kg5 71. Qg2+ Kf6 72. Qf3+ Qf5 73. Qc3+ Kg6 74. Qg3+ Kh7 75. Qh4 Qe6+ 76. Ka7 Qg4 77. Qf2 h4 78. Ka8 Qe4+ 79. Ka7 Kg6 80. Qb6+ Kf7 81. Qb3+ Ke7 82. Qc3 Qf4 83. Qc5+ Kf7 84. Qd5+ Kg7 85. Qg2+ Qg3 86. Qb7+ Kh6 87. Qc6+ Qg6 88. Qf3 Qg7+ 89. Ka8 Qe5 90. Qc6+ Kg7 91. Qd7+ Kg6 92. Qg4+ Qg5 93. Qe4+ Kg7 94. Qd4+ Qf6 95. Qd7+ Kh8 96. Qe8+ Kh7 97. Qd7+ Kh6 98. Qd2+ Kg6 99. Qg2+ Kf7 100. Qd5+ Kf8 101. Qc5+ Kg8 102. Qd5+ Kh8 103. Qh5+ Kg7 104. Qd1 Kf8 105. Qd3 Qe6 106. Qf3+ Ke7 107. Qb7+ Kd8 108. Qb6+ Kd7 109. Qb7+ Kd6 110. Qb4+ Kc6 111. Qa4+ Kc7 112. Qa7+ Kd6 113. Qb6+ Kd5 114. Qb5+ Kd4 115. Qb6+ Kd5 116. Qb3+ Ke5 117. Qe3+ Kd6 118. Qb6+ Kd7 119. Qb7+ Ke8 12 . Qb5+ Kf8 121. Qc5+ Qe7 122. Qf5+ Kg7 123. Qg4+ Kh6 124. Qf4+ Kg6 125. Qg4+ Qg5 126. Qe6+ Qf6 127. Qg4+ 1/2-1/2

[Event "Calviá ol (Men)"]
[Site "Mallorca"]
[Date "2004.10.18"]
[Round "4.5"]
[White "Dizdarevic, Emir"]
[Black "Aronian, Levon"]
[Result "1/2-1/2"]
[WhiteElo "2538"]
[BlackElo "2675"]
[PlyCount "68"]
[EventDate "2004.10.15"]
[Source "Roberto Alvarez"]
[SourceDate "2004.10.25"]

1. Nf3 Nf6 2. g3 d5 3. Bg2 Bf5 4. c4 c6 5. cxd5 cxd5 6. Qb3 Qb6 7. Qxb6 axb6 8. Nc3 Nc6 9. d3 e5 10. O-O h6 11. Nb5 Kd7 12. d4 e4 13. Ne5+ Nxe5 14. dxe5 Ng4 15. h3 Nxe5 16. Rd1 Be6 17. Bxe4 Kc6 18. Nd4+ Kd7 19. Nf3 Nxf3+ 20. Bxf3 Bc5 21. Bd2 f6 22. Bc3 Kc7 23. Kg2 Rhd8 24. Rac1 Kb8 25. a3 Ka7 26. e3 Rac8 27. Rd2 Rd7 28. Rcd1 Rcd8 29. h4 Be7 30. h5 Bc5 31. Bd4 Rc7 32. Bc3 Rcd7 33. Bd4 Rc7 34. Bc3 Rcd7 1/2-1/2

[Event "Open Aeroflot"]
[Site "Mosca RUS"]
[Date "2007.02.19"]
[Round "6"]
[White "Khalifman, A."]
[Black "Laznicka, V."]
[Result "1/2-1/2"]
[WhiteElo "2619"]
[BlackElo "2593"]
[PlyCount "28"]
[EventDate "2007.02.14"]
[Source "www.chesslib.no"]
[SourceDate "2004.05.04"]

1. Nf3 d5 2. c4 c6 3. e3 Nf6 4. Nc3 a6 5. b3 Bf5 6. Be2 h6 7. Bb2 e6 8. d4 Nbd7 9. O-O Bd6 10. Bd3 Bxd3 11. Qxd3 O-O 12. e4 dxe4 13. Nxe4 Nxe4 14. Qxe4 Qe7 1/2-1/2

[Event "Camp. francese"]
[Site "Aix-les-Bains FRA"]
[Date "2007.08.22"]
[Round "9"]
[White "Bauer, Ch"]
[Black "Sokolov, And1"]
[Result "1/2-1/2"]
[WhiteElo "2626"]
[BlackElo "2582"]
[PlyCount "87"]
[EventDate "2007.08.13"]
[Source "www.chesslib.no"]
[SourceDate "2004.05.04"]

1. Nf3 Nf6 2. g3 d5 3. Bg2 c6 4. c4 dxc4 5. a4 Na6 6. Na3 Qd5 7. Qc2 Be6 8. O-O Qc5 9. Rd1 g6 10. d4 cxd3 11. Qxd3 Nb4 12. Qc3 Qxc3 13. bxc3 Nbd5 14. Bb2 Bg7 15. Nd4 O-O 16. Nxe6 fxe6 17. c4 Nc7 18. Rab1 Na6 19. Bxf6 Bxf6 20. Rxb7 Nc5 21. Rc7 Rfc8 22. Rxc6 Rxc6 23. Bxc6 Rc8 24. Bf3 Nxa4 25. Rd7 a5 26. Ra7 Bc3 27. Bg4 Kf7 28. Nb5 Bb4 29. Nd4 Nc5 30. Bf3 Kf6 31. Nc6 Nb3 32. Ra6 Nc5 33. Ra7 Nb3 34. Rb7 Nd2 35. Nxb4 axb4 36. Rxb4 Rxc4 37. Rxc4 Nxc4 38. h4 h6 39. Kg2 e5 40. Bd5 Nd6 41. Kf3 Nf5 42. Be4 Nd4+ 43. Ke3 g5 44. hxg5+ 1/2-1/2

[Event "Aruba m"]
[Site "Aruba"]
[Date "1994.??.??"]
[Round "7"]
[White "Polugaevsky, Lev"]
[Black "Piket, Jeroen"]
[Result "1/2-1/2"]
[WhiteElo "2595"]
[BlackElo "2605"]
[PlyCount "132"]
[EventDate "1994.02.??"]
[Source "ChessBase"]

1. Nf3 d5 2. c4 c6 3. e3 Nf6 4. Nc3 e6 5. b3 Nbd7 6. Qc2 Bd6 7. Bb2 O-O 8. Be2 Re8 9. O-O e5 10. cxd5 Nxd5 11. Ne4 Bc7 12. Rad1 Nf8 13. d3 Qe7 14. a3 a5 15. Rfe1 Bf5 16. Ng3 Bg6 17. Qc4 Nb6 18. Qg4 Qd7 19. Nh4 Qxg4 20. Bxg4 Ne6 21. Nxg6 hxg6 22. Rc1 Rad8 23. Be2 Rd5 24. Ne4 Red8 25. Red1 Kf8 26. a4 Ke8 27. Ba3 R5d7 28. Nd2 Nd5 29. Rc4 f6 30. h4 Kf7 31. g3 Bd6 32. Bb2 Be7 33. Nf3 Nb4 34. Bxe5 Nxd3 35. Bc3 Ndf4 36. Re1 Nxe2+ 37. Rxe2 Rd1+ 38. Kg2 R8d5 39. e4 Rc5 40. Rb2 Rd3 41. Rxc5 Nxc5 42. Bxa5 Rxb3 43. Rxb3 Nxb3 44. Bb6 Bc5 45. Bc7 Ke6 46. g4 b5 47. axb5 cxb5 48. Ne1 Nd2 49. f3 Nc4 50. Nd3 Bf8 51. Kf2 b4 52. Ke2 b3 53. Kd1 Bd6 54. Bxd6 Kxd6 55. g5 b2 56. Kc2 Nd2 57. Nxb2 Nxf3 58. Kd3 Nxh4 59. Ke3 Ke6 60. Nd3 fxg5 61. Kf2 Nf5 62. exf5+ gxf5 63. Ke3 Kd5 64. Nb4+ Ke5 65. Nd3+ Kf6 66. Kf3 g6 1/2-1/2

[Event "Biel"]
[Site "Biel"]
[Date "1995.??.??"]
[Round "9"]
[White "Hodgson, Julian M"]
[Black "Gavrikov, Viktor"]
[Result "1/2-1/2"]
[WhiteElo "2590"]
[BlackElo "2605"]
[PlyCount "78"]
[EventDate "1995.07.??"]
[Source "ChessBase"]

1. c4 Nf6 2. g3 c6 3. Bg2 d5 4. Nf3 g6 5. b3 Bg7 6. Bb2 O-O 7. O-O Re8 8. d4 Bf5 9. e3 a5 10. Nc3 Ne4 11. Ne2 a4 12. Nh4 Bc8 13. bxa4 Qa5 14. c5 g5 15. Nf3 Qxa4 16. Qc1 Nd7 17. Ne1 b6 18. f3 Nef6 19. cxb6 Ba6 20. Rf2 Qb4 21. g4 Bxe2 22. Rxe2 Qxb6 23. Rc2 Rec8 24. Nd3 Ne8 25. h4 h6 26. hxg5 hxg5 27. Bf1 e6 28. a4 Qc7 29. Qe1 Nd6 30. Nb4 Qb6 31. Rac1 c5 32. dxc5 Nxc5 33. Bxg7 Kxg7 34. Rh2 Rxa4 35. Rb1 Nd7 36. Nxd5 Qa5 37. Qxa5 Rxa5 38. Nb6 Rb8 39. Rhb2 Rxb6 1/2-1/2

[Event "Aeroflot Open"]
[Site "Moscow"]
[Date "2004.02.23"]
[Round "7"]
[White "Filippov, Valerij"]
[Black "Rustemov, Alexander"]
[Result "1-0"]
[WhiteElo "2609"]
[BlackElo "2585"]
[PlyCount "129"]
[EventDate "2004.02.17"]
[Source "Roberto Alvarez"]
[SourceDate "2004.03.01"]

1. Nf3 d5 2. g3 Bg4 3. Bg2 Nd7 4. c4 c6 5. cxd5 cxd5 6. Qa4 Ngf6 7. Nc3 Bxf3 8. Bxf3 e6 9. e4 dxe4 10. Nxe4 Nd5 11. Nc3 N5b6 12. Qa5 Qb8 13. d4 Bd6 14. O-O a6 15. Ne4 Nd5 16. Nxd6+ Qxd6 17. b3 N7f6 18. Ba3 Qd8 19. Qd2 h6 20. Rac1 Rc8 21. Rxc8 Qxc8 22. Rc1 Qd8 23. Qe1 Kd7 24. Bxd5 Nxd5 25. Qe5 Rg8 26. Qd6+ Ke8 27. Qc5 f6 28. b4 Qd7 29. Rc2 Kf7 30. Bc1 Rd8 31. a3 Qa4 32. Qc4 Ne7 33. Be3 Rc8 34. Qxc8 Nxc8 35. Rxc8 Kg6 36. Rc3 Qd1+ 37. Kg2 Qa1 38. Bd2 Kf5 39. Rf3+ Ke4 40. b5 Kxd4 41. bxa6 bxa6 42. Bb4 Qb1 43. h4 Qe4 44. h5 f5 45. Bc3+ Kd5 46. Bxg7 Kd6 47. Bxh6 Ke7 48. Bc1 Kf6 49. Bd2 Qc6 50. g4 Qe4 51. h6 Qxg4+ 52. Rg3 Qe4+ 53. Kg1 f4 54. Rh3 Qf5 55. Kh2 Qc5 56. Be1 f3 57. Rxf3+ Kg6 58. Bd2 Kh7 59. Be3 Qxa3 60. Rf7+ Kg6 61. Rg7+ Kf6 62. Rg3 Qd6 63. h7 Qb8 64. Bd4+ e5 65. Rg8 1-0